• 首页
  • 本馆介绍
  • 公告通知
  • 最新文献
  • 馆藏检索
  • 电子资源
  • 读者导购
  • 参考咨询
  • 我的图书馆
  • 登录
  • 期刊详细显示
  • 现刊情况显示
  • 合订本情况显示
  • 篇目信息显示

期刊信息

  • 表格格式
  • 工作单格式
  • 卡片格式
索取号 
Q-1/EAD
题名 
EVOLUTION AND DEVELOPMENT
作者 
RUDOLF A.RAFF
分册号 
分册名 
出版地 
U.S.A.
出版者 
BLACKWELL PUBLISHING,INC.
标准刊号 
1520-541X
出版频率 
双月刊
中图法分类 
Q-1
主题词 
生物学 现状; 生物学 概况
电子资源 
000 00503nas0 2200193 45
001 0739653748
005 20070416110506.42
011    @a1520-541X@d$131.00(U.S.2005)
100    @a20070416d km y0chiy0120 ea
101 0  @aeng
200 1  @aEVOLUTION AND DEVELOPMENT@fRUDOLF A.RAFF
210    @aU.S.A.@cBLACKWELL PUBLISHING,INC.
326    @a双月刊
606 0  @a生物学@x现状
606 0  @a生物学@x概况
690    @aQ-1@v4
701  0 @aRUDOLF A.RAFF
801  0 @aCN@bPFT@c20070416
905    @aTJWY@dQ-1@eEAD
    
    EVOLUTION AND DEVELOPMENT/RUDOLF A.RAFF.-U.S.A.:BLACKWELL PUBLISHING,INC.
    
    
    
    ISSN 1520-541X:$131.00(U.S.2005)
    
●
相关链接: 在易读查询期刊 在中国知网中查询期刊 在万方数据查询期刊 在维普查询期刊
唐山师范学院图书馆 欢迎您!
大连网信软件有限公司© 版权所有